Lyrics to 'The Greatest Show' from The Greatest Showman - Statistics

General Stats
  • This quiz has been taken 38 times
  • The average score is 396 of 498
Answer Stats
Answer % Correct
a
100%
is
100%
it
100%
the
100%
this
100%
This
100%
you
100%
an
97%
and
97%
And
97%
be
97%
it's
97%
It's
97%
do
94%
for
94%
greatest
94%
in
94%
show
94%
come
90%
can't
87%
light
87%
When
87%
Where
87%
where
87%
all
84%
moment
84%
you've
84%
at
81%
coming
81%
Don't
81%
don't
81%
now
81%
over
81%
so
81%
up
81%
wanna
81%
We
81%
we
81%
your
81%
Your
81%
down
77%
ever
77%
Ladies
77%
that
77%
what
77%
are
74%
comes
74%
every
74%
fight
74%
gents
74%
here
74%
I'm
74%
of
74%
running
74%
Taking
74%
taking
74%
us
74%
waited
74%
won't
74%
everything
71%
me
71%
right
71%
stop
71%
true
71%
want
71%
go?
68%
go
68%
need
68%
after
65%
front
65%
Impossible
65%
impossible
65%
night
65%
through
65%
Been
61%
behind
61%
dark
61%
know
61%
left
61%
mind
61%
only
61%
see
61%
was
61%
breath
58%
care
58%
lights
58%
sun
58%
there's
58%
There's
58%
ya
58%
fire
55%
floor
55%
get
55%
real
55%
runaways
55%
searching
55%
tell
55%
colored
52%
dream
52%
stealing
52%
bones
48%
circus
48%
ignore
48%
wall
48%
you're
48%
buried
45%
cause
45%
Cause
45%
freedom
45%
soaking
45%
sweat
45%
ache
42%
feel
42%
intoxicating
42%
these
42%
walls
42%
Watching
42%
watching
42%
Colossal
39%
covered
39%
fever
39%
found
39%
getting
39%
renegades
39%
ring
39%
blind
35%
closer?
35%
crown
35%
Just
35%
lost
35%
open
35%
them
35%
feeling
32%
kings
32%
something
32%
surrender
32%
devotion
29%
flooding
29%
blinding
26%
holding
26%
outshining
26%
preacher
26%
breaking
23%
pulpit
23%
brick
19%
anything
16%
calling
13%
No matching quizzes found
Score Distribution
Percent of People with Each Score
Percentile by Number Answered
Your Score History
You have not taken this quiz